01410naa a22003137a 4500001001000000003000900010005001700019007000300036008003400039040005400073041000900127072002000136090001800156100002500174111012200199245010300321260004200424500017100466650001700637650001200654650000900666650001200675650002300687773016800710909003600878942001400914999001900928952014900947BR2700026BR-BrBNA20240918172741.0ta230509b bl.||||| |||| 00| 0 por d aBR-BrBNAbporcBiblioteca Nacional de Agricultura a(Pt) aE10b9500bG514 aE10 BR27000261 aCarvalho. J.B. de M.1 a1. Congresso Nacional de Oleos, Gorduras, Ceras e Resinas, e seus DerivadoscRio de Janeiro, GB (Brazil)d22 Nov 19241 aProteccionismo e patriotismo [Desenvolvimento agricola, industria agricola, oleo, gordura, Brasil]3 aRio de Janeiro, GB (Brasil): c1927.  aAnnaes do Primeiro e Segundo Congresso Nacional de Oleos, Gorduras, Ceras e Resinas, e seus derivados Rio de Janeiro, GB (Brasil): 1927. p. 222-233 (BR2700026-AM)E10  aOLEO VEGETAL aALGODAO aCOCO aGORDURA aINDUSTRIA AGRICOLA0 tAnnaes do Primeiro e Segundo Congresso Nacional de Oleos, Gorduras, Ceras e Resinas, e seus derivadoswE10 BR2700026gRio de Janeiro, GB (Brasil), 1927. p. 222-233 a202404bLuciac55dLucia Elande cAM2AGRIS c301354d301354 002AGRIS40708Acervo Gerala41918b41918cAgrobasel0o9500 BR2700002r2024-05-20t01yAM10d2024-04-11ePortaria Interministerial nÂș 164/94